Các phương pháp giảng dạy địa lí

Na minha lista:
Detalhes bibliográficos
Autor principal: Đào, Xuân Cường
Outros Autores: Đào, Trọng Năng
Formato: Livro
Publicado em: Hà Nội Giáo dục 1976
Assuntos:
Tags: Adicionar Tag
Sem tags, seja o primeiro a adicionar uma tag!
Thư viện lưu trữ: Trung tâm Học liệu Lê Vũ Hùng, Trường Đại học Đồng Tháp
LEADER 01016pam a22002898a 4500
001 00038991
005 20171026081025.0
008 170517s1976 ||||||Viesd
041 0 # |a Vie 
082 1 4 |a 910.7  |b C101PH 
100 1 # |a Đào, Xuân Cường 
245 1 0 |a Các phương pháp giảng dạy địa lí  |c Đào Xuân Cường; Đào Trọng Năng 
260 # # |c 1976  |a Hà Nội  |b Giáo dục 
300 # # |a 265tr.  |c 24cm 
500 # # |a ĐTTS: viện hàn lâm khoa học liên xô. viện nghiên cứu khoa học. giáo dục phổ thông và kỹ thuật tổng hợp 
653 # # |a Phương pháp 
653 # # |a giảng dạy 
653 # # |a địa lý 
700 1 # |a Đào, Trọng Năng 
852 # # |b Kho mượn  |j KM.0021688 
852 # # |b Kho đọc  |j KD.0020670 
852 # # |j KM.0021688  |j KD.0020670 
910 |d 17/05/2017 
980 # # |a Trung tâm Học liệu Lê Vũ Hùng, Trường Đại học Đồng Tháp